Suma siete [juego] /
Guardado en:
| Formato: | Objeto Físico |
|---|---|
| Publicado: |
Argentina :
Lugano toys,
[200?]
|
| Materias: | |
| Etiquetas: |
Agregar Etiqueta
Sin Etiquetas, Sea el primero en etiquetar este registro!
|
| LEADER | 00668nrm a22001575g 4500 | ||
|---|---|---|---|
| 001 | CEM.cems019274 | ||
| 008 | 130507b200?##################0###0#####d | ||
| 005 | 20220830105114.0 | ||
| 003 | CEMS | ||
| 245 | 0 | 0 | |a Suma siete [juego] / |c Lugano Toys |
| 260 | |a Argentina : |b Lugano toys, |c [200?] | ||
| 300 | |a 1 juego (1 tablero, 26 fichas rojas, 26 fichas azules) ; en caja 28 x 28 x 4 cm. + manual de instrucciones | ||
| 500 | |a Para 2 jugadores a partir de los 7 años objetivo: formar una línea de fichas que sumen 7, vertical, horizontal o diagonal. | ||
| 082 | 0 | 4 | |a J793.74 |
| 653 | |a 1. juegos y recreaciones matemáticos | ||
| 859 | |a CEMS |b BIB. CEMS - Ludoteca |h J793.74 |i L957 |p 225.00 |t Ej.1 | ||
